Most Peaceful Countries by Continent - Statistics

General Stats
  • This quiz has been taken 1,477 times
  • The average score is 17 of 28
Answer Stats
Continent GPI Score Country % Correct
North America 1.389 Canada
87%
Oceania 1.269 New Zealand
87%
Oceania 1.565 Australia
86%
South America 1.840 Chile
82%
Europe 1.107 Iceland
82%
South America 1.795 Uruguay
79%
South America 1.911 Argentina
77%
South America 1.976 Paraguay
77%
South America 1.988 Ecuador
74%
Europe 1.296 Denmark
70%
Europe 1.288 Ireland
70%
Asia 1.336 Japan
70%
Asia 1.326 Singapore
66%
North America 1.732 Costa Rica
62%
North America 1.876 Panama
61%
Oceania 2.046 Papua New Guinea
61%
North America 1.990 Dominican Republic
53%
North America 1.990 Jamaica
52%
Europe 1.300 Austria
51%
Europe 1.301 Portugal
50%
Africa 1.570 Mauritius
48%
Asia 1.481 Bhutan
45%
Africa 1.801 Botswana
41%
Asia 1.533 Qatar
35%
Africa 1.759 Ghana
33%
Asia 1.471 Malaysia
33%
Africa 1.792 The Gambia
27%
Africa 1.803 Sierra Leone
14%
No matching quizzes found
Score Distribution
Percent of People with Each Score
Percentile by Number Answered
Your Score History
You have not taken this quiz